| 000 | 00930nam a2200193 a 4500 | ||
|---|---|---|---|
| 005 | 20250415091554.0 | ||
| 007 | ta | ||
| 008 | 241202e2023 dr ado|gr|||||||| ||spa d | ||
| 040 |
_aDO-SdBNP _cBNPHU _erda |
||
| 041 | _hspa | ||
| 110 |
_aUniversidad Autónoma de Santo Domingo (UASD) _984760 |
||
| 245 |
_aPrimer año de gestión julio 2022- julio 2023 / _cUniversidad Autónoma de Santo Domingo (UASD) |
||
| 260 |
_aSanto Domingo, República Dominicana : _bUniversidad Autónoma de Santo Domingo (UASD), _c2023. |
||
| 300 |
_avolumen : _bilustraciones, fotografías, gráficas ; _c27 cm. |
||
| 500 | _aEl doctor Editrudis Beltrán Crisóstomo tomó posesión como rector de la Universidad Autónoma de Santo Domingo (UASD) para el período 2022-2026. | ||
| 650 | 0 |
_aUniversidad Autónoma de Santo Domingo _981917 _xInforme _vMemoria _zRepública Dominicana |
|
| 700 |
_aBeltrán Crisóstomo, Editrudis _986857 |
||
| 942 |
_2ddc _cISSUE |
||
| 999 |
_c57952 _d57952 |
||